Les plus grandes îles françaises - Statistiques

Statistiques générales
  • Ce quiz a été pris 62 fois
  • Le résultat moyen est 9 sur 24
Statistiques - réponses
Emplacement Ile % Correct
Mayotte Grande-Terre/Mayotte
92%
Mediterranean Sea Corse
85%
Reunion Reunion
85%
Nouvelle-Calédonie Grande-Terre / Nouvelle-Calédonie
80%
Martinique Martinique
80%
Guadeloupe Basse-Terre
70%
Polynésie française Tahiti
68%
Iles Kerguelen Grande-Terre
58%
Guadeloupe Grande-Terre
58%
Saint-Pierre-et-Miquelon Miquelon
53%
océan Atlantique Oleron
45%
Guadeloupe Marie-Galante
20%
Nouvelle-Calédonie Lifou
18%
Polynésie française Moorea
18%
Nouvelle-Calédonie Ouvea
15%
Nouvelle-Calédonie Mare
10%
Polynésie française Raiatea
8%
Polynésie française Nuku Hiva
5%
Polynésie française Hiva Oa
3%
Iles Crozet Ile de la Possessions
3%
Iles Crozet Ile de l'Est
3%
Iles Kerguelen Ile Foch
3%
Nouvelle-Calédonie Iles de Pins
2%
Polynésie française Ua Pao
2%
Aucun quiz correspondant
Distribution des résultats
% des personnes avec chaque résultat
Percentile par nombre de réponses
Votre historique - résultats
Vous n’avez pas pris ce quiz